000 00511nam a2200193Ia 4500
003 GCL
008 140319s9999 xx 000 0 eng d
040 _aGCL /
_cGCL
082 0 4 _a822.33
_bG M
100 1 _aGRADY, HUGH
245 1 0 _aTHE MODERNIST SHAKASPEARE /
_cGRADY, HUGH
260 _a[S.N] :
_bCLARENCLON PRESS ،
_c1994
300 _a262 P
650 0 4 _aHISTORY 20TH CENTURY
650 0 4 _aCRITICISM AND INTER PRETATION
650 0 4 _aSHAKESPEARE, WILLIAM
650 0 4 _aMODERNISM
942 _2ddc
_cBK
999 _c23956
_d23956